Catálogo público

An annotated list of the mantids (Orthoptera mantoidea) of Trinidad, B.W.I. / (Record no. 206204)

MARC details
000 -CABECERA
campo de control de longitud fija 00861nam a2200289Ia 4500
001 - NÚMERO DE CONTROL
campo de control Para_7316
003 - IDENTIFICADOR DEL NÚMERO DE CONTROL
campo de control CHAP
008 - DATOS DE LONGITUD FIJA--INFORMACIÓN GENERAL
campo de control de longitud fija 220125s1952 xx 000 0 und d
010 ## - NÚMERO DE CONTROL DE LA BIBLIOTECA DEL CONGRESO
Número de control de LC 206204
040 ## - FUENTE DE LA CATALOGACIÓN
Centro/agencia transcriptor CHAP
090 ## - LOCALMENTE ASIGNADO TIPO-LC NÚMERO DE CLASIFICACIÓN (OCLC); NÚMERO DE CLASIFICACIÓN LOCAL (RLIN)
Número de clasificación (OCLC) (R) ; Numero de clasificación, CALL (RLIN) (NR) PA R-74
100 ## - ENTRADA PRINCIPAL--NOMBRE DE PERSONA
Nombre de persona Beebe, William
9 (RLIN) 172433
245 ## - MENCIÓN DE TÍTULO
Título An annotated list of the mantids (Orthoptera mantoidea) of Trinidad, B.W.I. /
Mención de responsabilidad, etc. William Beebe, Jocelyn Crane and Sally Hughes-Schrader
260 ## - PUBLICACIÓN, DISTRIBUCIÓN, ETC.
Lugar de publicación, distribución, etc. New York :
Nombre del editor, distribuidor, etc. Zoological Society
300 ## - DESCRIPCIÓN FÍSICA
Extensión 22 p.
500 ## - NOTA GENERAL
Nota general Sobretiro de: Zoologica, 37(4): 245-258, 1952
650 ## - PUNTO DE ACCESO ADICIONAL DE MATERIA--TÉRMINO DE MATERIA
Término de materia o nombre geográfico como elemento de entrada Ortopteros
9 (RLIN) 84147
700 ## - PUNTO DE ACCESO ADICIONAL--NOMBRE DE PERSONA
Nombre de persona Crane, Jocelyn
9 (RLIN) 172434
700 ## - PUNTO DE ACCESO ADICIONAL--NOMBRE DE PERSONA
Nombre de persona Hughes
Número Internacional Normalizado para Publicaciones Seriadas Schrader, Sally
9 (RLIN) 172435
901 ## - ELEMENTOS DE DATOS A LOCAL LDA (RLIN)
a PA R-74
902 ## - ELEMENTOS DE DATOS B LOCAL, LDB (RLIN)
a A
905 ## - ELEMENTOS DE DATOS E LOCAL, LDE (RLIN)
a 0000001952 a 0000000000 00
910 ## - DATOS DE OPCIÓN DEL USUARIO (OCLC)
Datos de opción del usuario 1952
942 ## - ELEMENTOS DE PUNTO DE ACCESO ADICIONAL (KOHA)
Tipo de ítem Koha Parasitologia_
942 ## - ELEMENTOS DE PUNTO DE ACCESO ADICIONAL (KOHA)
Tipo de ítem Koha Parasitologia_
-- 1
Holdings
Estado de retiro Estado de pérdida Fuente del sistema de clasificación o colocación Estado dañado Restricciones de uso No para préstamo Código de colección Localización permanente Ubicación/localización actual Ubicación en estantería Fecha de adquisición Información codificada de la localización en otra ubicación Total de préstamos Código de barras Fecha visto por última vez Precio válido a partir de Tipo de ítem Koha Nota pública
    Clasificación Universidad Autónoma de Chapingo   Préstamo interno   Reimpresos Parasitologia Agricola Parasitologia Agricola   27/10/2005 PARA   PA_5180 25/01/2022 25/01/2022 Reimpreso 3